Physics for scientists and engineers / Volume 2 (Record no. 13337)

MARC details
000 -LEADER
fixed length control field 01620nam a2200313Ia 4500
001 - CONTROL NUMBER
control field 13337
005 - DATE AND TIME OF LATEST TRANSACTION
control field 20250911112359.0
008 - FIXED-LENGTH DATA ELEMENTS--GENERAL INFORMATION
fixed length control field 021028t20002000caua 001 0 cau d
020 ## - INTERNATIONAL STANDARD BOOK NUMBER
International Standard Book Number 003026961X
020 ## - INTERNATIONAL STANDARD BOOK NUMBER
International Standard Book Number 0030226546
020 ## - INTERNATIONAL STANDARD BOOK NUMBER
International Standard Book Number 0030209730
040 ## - CATALOGING SOURCE
Original cataloging agency ISM
Language of cataloging eng
Transcribing agency BSULIB
Modifying agency BSU
082 ## - DEWEY DECIMAL CLASSIFICATION NUMBER
Classification number 530 SER
090 ## - LOCALLY ASSIGNED LC-TYPE CALL NUMBER (OCLC); LOCAL CALL NUMBER (OCLC)
Classification number (OCLC) (R) ; Classification number, CALL (RLIN) (NR) QC23
Local cutter number (OCLC) ; Book number/undivided call number, CALL (RLIN) .S458 2000b
100 1# - MAIN ENTRY--PERSONAL NAME
Personal name Serway, Raymond A.
9 (RLIN) 4931
245 10 - TITLE STATEMENT
Title Physics for scientists and engineers / Volume 2
Statement of responsibility, etc Raymond A. Serway, Robert J. Beichner ; John W. Jewett, Jr., contributing author.
250 ## - EDITION STATEMENT
Edition statement 5th ed.
260 ## - PUBLICATION, DISTRIBUTION, ETC. (IMPRINT)
Place of publication, distribution, etc fort Worth:
Name of publisher, distributor, etc Saunders college publishing,
Date of publication, distribution, etc c2002
300 ## - PHYSICAL DESCRIPTION
Extent 2 volumes (xxxi, 1551 pages) :
Other physical details illustrations (some color) ;
Dimensions 27 cm +
Accompanying material 1 computer optical disk (4 3/4 in.)
500 ## - GENERAL NOTE
General note Previous ed. published as: Physics for scientists & engineers.
500 ## - GENERAL NOTE
General note 5th ed. vol. 2 published as : Physics for scientists and engineers with modern physics.
500 ## - GENERAL NOTE
General note Includes index.
538 ## - SYSTEM DETAILS NOTE
System details note System requirements for IBM PC or compatible computer: 486/66-based PC or higher (Pentium processor recommended); 12 MB RAM; 11 MB of free disk space; Windows 95 or Windows NT 4.0; 256 color capable VGA video board that is MPC Level II Compliant, and a color VGA display; cd-rom drive.
538 ## - SYSTEM DETAILS NOTE
System details note System requirements for Macintosh: 68020-based processors or above, including PowerPC-based systems; 12 MB RAM; 11 MB of free disk space; MacOS System 7.1 or above; 256 color display at 640 x 480 pixels; cd-rom drive.
650 #0 - SUBJECT ADDED ENTRY--TOPICAL TERM
Topical term or geographic name as entry element Physics.
9 (RLIN) 4999
700 1# - ADDED ENTRY--PERSONAL NAME
Personal name Beichner, Robert J.
9 (RLIN) 25905
700 1# - ADDED ENTRY--PERSONAL NAME
Personal name Jewett, John W.
9 (RLIN) 22542
942 ## - ADDED ENTRY ELEMENTS (KOHA)
Source of classification or shelving scheme Dewey Decimal Classification
Item type Books
Holdings
Withdrawn status Lost status Source of classification or shelving scheme Damaged status Not for loan Home library Current library Shelving location Date acquired Source of acquisition Inventory number Total Checkouts Full call number Barcode Date last seen Copy number Price effective from Koha item type Public note
    Dewey Decimal Classification     Main Library Main Library Open Shelves 11/09/2025 Donation 18150   530 SER bsu25090298 11/09/2025 001 11/09/2025 Books Material Available In Hardcopy

© 2017 Bishop Stuart University Library. All Rights Reserved.
Kakoba Campus, Plot 150 Buremba Road | P.O. Box 9, Mbarara, UGANDA | Tel: +256-772-463068
Email: library@bsu.ac.ug